Visualizzazione normale
Vista MARC
- Faggioni M.
di Personal Name
Records bibliografici associati: 1
001 - CONTROL NUMBER
- control field: 58764
003 - CONTROL NUMBER IDENTIFIER
- control field:
005 - DATE AND TIME OF LATEST TRANSACTION
- control field: 20210118165930.0
008 - FIXED-LENGTH DATA ELEMENTS
- fixed length control field: 210118|| aca||aabn | a|a d
040 ## - CATALOGING SOURCE
- Original cataloging agency:
- Transcribing agency:
100 ## - HEADING--PERSONAL NAME
- Personal name: Faggioni M.
- Personal name: Guarinelli S.
- Personal name: Guenzi P.D.
- Personal name: Rigliano P.
- Personal name: De Luna V.
- Personal name: Migliorini D.
- Personal name: Salonia G.
- Personal name: Simonelli C.
- Personal name: Chiodi M.
- Personal name: Vantini L
670 ## - SOURCE DATA FOUND
- Source citation: Work cat.: (): Moia Luciano, Di Giacomo Ester (et al.) 58763, La chiesa e i gay, 2018